Countries in Random Hexagons of the World Map - Statistics

General Stats
  • This quiz has been taken 131,978 times
  • The average score is 17 of 20
Answers on the Map
Answers color-coded by a green-red scale on the quiz's map according to % correct below.
 
Answer Stats
Countries % Correct
Canada | United States
99%
Canada | United States
99%
Canada | United States
99%
Canada
98%
Canada
98%
Canada | United States
98%
Canada | United States
98%
Canada | United States
98%
Canada | United States
98%
Mexico | United States
98%
Austria | Belarus | Bosnia and Herzegovina | Croatia | Czechia | Germany | Hungary | Italy | Latvia | Lithuania | Moldova | Poland | Romania | Russia | Serbia | Slovakia | Slovenia | Sweden | Ukraine
97%
Bahamas | Belize | Cuba | Guatemala | Jamaica | Mexico | United States
97%
Canada
97%
Estonia | Finland | Latvia | Norway | Russia | Sweden
97%
Mexico | United States
97%
Mexico | United States
97%
United States
97%
Andorra | Austria | Belgium | France | Germany | Italy | Liechtenstein | Luxembourg | Monaco | San Marino | Spain | Switzerland | United Kingdom | Vatican City
96%
Antigua and Barbuda | Bahamas | Barbados | Colombia | Cuba | Dominica | Dominican Republic | France | Grenada | Haiti | Jamaica | Netherlands | Saint Kitts and Nevis | Saint Lucia | Saint Vincent and the Grenadines | Trinidad and Tobago | United States | Venezuela
96%
Belgium | Denmark | Germany | Netherlands | Norway | Sweden | United Kingdom
96%
Canada
96%
Canada
96%
Canada
96%
Canada
96%
Canada
96%
Canada | Denmark
96%
Guatemala | Mexico
96%
Afghanistan | Armenia | Azerbaijan | Georgia | Iran | Iraq | Kazakhstan | Russia | Turkey | Turkmenistan | Uzbekistan
95%
Armenia | Azerbaijan | Bulgaria | Georgia | Iran | Moldova | Romania | Russia | Turkey | Ukraine
95%
Belarus | Estonia | Finland | Latvia | Russia | Ukraine
95%
Belize | Colombia | Costa Rica | El Salvador | Guatemala | Honduras | Mexico | Nicaragua | Panama | Venezuela
95%
Brazil | France | Suriname
95%
China | Japan | North Korea | Russia | South Korea
95%
China | Japan | Russia
95%
China | Mongolia | Russia
95%
Denmark | Iceland
95%
Finland | Norway | Russia
95%
Russia
95%
Albania | Bosnia and Herzegovina | Bulgaria | Croatia | Egypt | Greece | Italy | Kosovo | Libya | Malta | Montenegro | North Macedonia | Romania | Serbia | Tunisia | Turkey
94%
Algeria | Chad | Egypt | Libya | Niger | Sudan
94%
Argentina | Bolivia | Brazil | Chile | Paraguay | Peru
94%
Brazil | Colombia | Guyana | Peru | Suriname | Trinidad and Tobago | Venezuela
94%
China | Kazakhstan | Mongolia | Russia
94%
China | Mongolia | Russia
94%
Kazakhstan | Russia
94%
Kazakhstan | Russia | Uzbekistan
94%
Russia
94%
Russia
94%
Argentina | Chile | Uruguay
93%
Bangladesh | Bhutan | China | India | Myanmar | Nepal
93%
Bolivia | Brazil | Colombia | Peru
93%
Mongolia | Russia
93%
Russia
93%
Russia
93%
Russia
93%
Algeria | Mali | Mauritania | Morocco | Spain
92%
Argentina | Brazil | Paraguay | Uruguay
92%
Bolivia | Brazil
92%
Brazil
92%
Cyprus | Egypt | Iran | Iraq | Israel | Jordan | Kuwait | Lebanon | Saudi Arabia | Syria | Turkey
92%
Denmark
92%
Morocco | Portugal | Spain
92%
Russia
92%
Russia
92%
Russia
92%
Russia
92%
Russia
92%
Russia
92%
Afghanistan | China | India | Iran | Nepal | Pakistan | Tajikistan | Turkmenistan | Uzbekistan
91%
Algeria | Libya | Morocco | Spain | Tunisia
91%
Argentina | Chile | United Kingdom
91%
Botswana | Lesotho | Namibia | South Africa
91%
Cambodia | China | Laos | Myanmar | Thailand | Vietnam
91%
India | Pakistan
91%
Russia
91%
Russia
91%
Djibouti | Egypt | Eritrea | Ethiopia | Saudi Arabia | Somalia | South Sudan | Sudan | Yemen
90%
Ireland | United Kingdom
90%
United States
90%
Algeria | Benin | Burkina Faso | Ghana | Mali | Mauritania | Niger | Nigeria | Togo
89%
Australia
89%
Australia | East Timor | Indonesia
89%
Australia | Indonesia | Papua New Guinea
89%
Colombia | Ecuador | Peru
89%
Democratic Republic of the Congo | Ethiopia | Kenya | Somalia | South Sudan | Sudan | Tanzania | Uganda
89%
Denmark
89%
Afghanistan | Bahrain | Iran | Kuwait | Oman | Pakistan | Qatar | Saudi Arabia | United Arab Emirates | Yemen
88%
Benin | Burkina Faso | Cameroon | Equatorial Guinea | Gabon | Ghana | Ivory Coast | Liberia | Nigeria | São Tomé and Príncipe | Togo
88%
Botswana | Eswatini | Madagascar | Malawi | Mozambique | South Africa | Zimbabwe
88%
Cameroon | Central African Republic | Chad | Democratic Republic of the Congo | Niger | Nigeria | South Sudan | Sudan
88%
China | Philippines | Taiwan
88%
United States
88%
Afghanistan | China | Kazakhstan | Kyrgyzstan | Tajikistan | Turkmenistan | Uzbekistan
87%
Australia
87%
Brazil | France | Suriname
87%
Burkina Faso | Cape Verde | Gambia | Guinea | Guinea-Bissau | Ivory Coast | Liberia | Mali | Mauritania | Senegal | Sierra Leone
87%
China | Myanmar
87%
Angola | Burundi | Cameroon | Central African Republic | Democratic Republic of the Congo | Gabon | Republic of the Congo | Rwanda | Tanzania | Uganda
86%
Australia
86%
Brunei | Cambodia | Indonesia | Malaysia | Singapore | Thailand | Vietnam
86%
Denmark
86%
China | Mongolia
85%
Denmark
85%
Ethiopia | Oman | Somalia | Yemen
85%
Japan
85%
Angola | Botswana | Democratic Republic of the Congo | Mozambique | Namibia | Zambia | Zimbabwe
84%
Australia
84%
Comoros | Democratic Republic of the Congo | France | Kenya | Malawi | Mozambique | Tanzania | Zambia
84%
Australia
83%
Indonesia
81%
Australia | New Zealand
80%
Brazil
80%
France | Madagascar | Mauritius
80%
India | Indonesia | Myanmar | Sri Lanka | Thailand
80%
India | Maldives | Sri Lanka
80%
Malaysia | Palau | Philippines
80%
New Zealand
79%
Australia
78%
East Timor | Indonesia
77%
Peru
77%
Chile
76%
Australia
75%
New Zealand
69%
Federated States of Micronesia | Indonesia | Palau
68%
Fiji | Kiribati | Solomon Islands | Tuvalu | Vanuatu
66%
Fiji | France | Tonga | Vanuatu
65%
Cape Verde
63%
Federated States of Micronesia | Nauru | Papua New Guinea | Solomon Islands
63%
Kiribati
60%
Kiribati | Marshall Islands
56%
Federated States of Micronesia | Marshall Islands
55%
Seychelles
54%
Kiribati
53%
France | Solomon Islands | Vanuatu
50%
Portugal
46%
Angola
45%
Marshall Islands
34%
No matching quizzes found
Score Distribution
Percent of People with Each Score
Percentile by Number Answered
Your Score History
You have not taken this quiz